000 00847nam a22002297a 4500
999 _c13102
_d13102
003 AR-CdUCM
008 190411b ||||| |||| 00| 0 spa d
040 _aMUNICIPALIDAD PROVINCIAL DEL CUSCO
_cBIBLIOTECA MUNICIPAL DEL CUSCO
082 _aC / 398 /
_bM79
100 _aMorote Best, Efrain
_910934
245 _aElementos de Folklore :
_bdefinición, contenido, procedimiento /
260 _aCusco :
_bH.G. Rozas sucesores,
_c1950.
300 _a511 paginas ;
_c25 cm.
500 _aTesis
505 _aContenido : Folklore -- Contenido del folklore -- Nuestro intento de Clasificación -- Procedimiento de la investigación -- Los instrumentos de trabajo...
650 _aTesis
_91981
650 _aEfrain Morote best
_931300
650 _aFolklore
_91081
650 _aFolclore
_93233
942 _2ddc
_cTESIS
945 _awnts
_d2019-04-11